000 01087cam a2200229 4500
001 WB3740-30
008 011025n2001 000 0 eng u
035 _a(Sirsi) u115309
245 _aDiversification's no answer
260 _c2001
490 _aFarmers' Weekly
_v135(16) 19 October 2001, 24(1)
520 _aAccording to analysis by Lloyds TSB Scotland, diversification is not the answer to farming's current problems. The Scottish Executive recently published figures for 1999/2000 farm incomes in Scotland provide 'definite proof' that diversification does not offer the solution to farmer's financial troubles says Donald MacRae, head of agricultural services with Lloyds. Farm incomes in Scotland for 1999/2000 available on the Scottish Executive web site at http://www.scotland.gov.uk/library3/agri/fis00-15.asp
590 _aWB
650 _aSCOTLAND
650 _aFARM INCOMES
650 _aSTATISTICS
650 _aAGRICULTURAL INDUSTRY
650 _aDIVERSIFICATION
650 _aLLOYDS TSB SCOTLAND
690 _aRURAL-FARM BUSINESS MANAGEMENT
942 _n0
999 _c68673
_d68673